Logo Quiz (Arabic Edition) Stats

 Plays Quiz not verified by Sporcle

 photo NewBitmapImage-1.png
Score 0/23 Timer 04:00
0 Plays Today
Hint Answer % Correct
1st ColumnCoca-Cola
93.5%
2nd ColumnPepsi
90.9%
5th ColumnPizza Hut
88.6%
4th ColumnPringles
85.5%
4th Column7 Up
82.9%
5th ColumnSnickers
80.5%
3rd ColumnOreo
77.8%
4th ColumnMountain Dew
75.8%
1st ColumnPampers
71.5%
2nd ColumnLipton
69.6%
3rd ColumnColgate
69.6%
3rd ColumnKraft
61%
Hint Answer % Correct
3rd ColumnFedEx
57.4%
5th ColumnMars
56.1%
3rd ColumnHardee's/Carl's Jr.
50.4%
3rd ColumnAquafresh
47.9%
2nd ColumnDel Monte
47%
1st ColumnCastrol
40.1%
3rd ColumnPhiladelphia
39.2%
2nd ColumnBudget
35.9%
1st ColumnBudweiser
33.3%
5th ColumnGreen Giant
32.2%
2nd ColumnBrylcreem
13.6%

You're not logged in!

Compare scores with friends on all Sporcle quizzes.
Join for Free
OR
Log In

You Might Also Like...

Show Comments

Extras

Top Quizzes Today


Score Distribution

Your Account Isn't Verified!

In order to create a playlist on Sporcle, you need to verify the email address you used during registration. Go to your Sporcle Settings to finish the process.

Report this User

Report this user for behavior that violates our Community Guidelines.

Details: